000 00912nam a2200229Ii 4500
003 JO-AjNU
008 230605s9999||||xx |||||||||||||| ||und||
017 _a1426/2257
020 _a9960-731-15-4
040 _aJO-AjNU
_bara
_erda
_cJO-AjNU
041 _aara
050 1 4 _aJX1684.J85.2005
100 3 _a جمعة، أحمد محمود ,
_eauthor
_947809
245 0 0 _aالضوابط القانونية والعملية للتنظيم الدبلوماسي والقنصلي وبعض جوانب تطبيقاتها في المملكة العربية السعودية
250 _a(د،ط)
264 3 1 _aالرياض : معهد الدراسات الدبلوماسية ،2005
300 _a80ص
336 _atext
_btxt
_2rdacontent
337 _aunmediated
_bn
_2rdamedia
338 _avolume
_bnc
_2rdacarrier
650 4 _aالدبلوماسية -- السلك الدبلوماسي والقنصلي
_947810
999 _aA20896
_c24464
_d24464